000 00878cab a2200265 4500
001 ABS56576
008 090401t1997 xxu||||| |||| 00| 0 eng d
035 _a(Sirsi) u24636
041 _aeng
100 _aKarski, A.
245 _aWhy Silvertown is a sterling success
260 _c1997
350 _a0
490 _aPlanning Week
_v5(5) 6 February 1997, 14-15(2)
520 _aExplains how the West Silvertown Urban Village evolved. The development is the first major urban regeneration project in the Royal Docks since 1987 and will eventually have a combined working and residential population of 5000.
650 _aLONDON DOCKLANDS
650 _aROYAL DOCKS
650 _aURBAN RENEWAL
650 _aURBAN VILLAGES
650 _aWEST SILVERTOWN
690 _aPROPERTY-PROPERTY DEVELOPMENT
700 _aGardner, G.
942 _n0
948 _c04/03/1997
999 _c16526
_d16526